00530nam a2200193Ii 450000100060000000300090000600800410001502000150005604000330007104100080010408200190011210000240013124500270015526400610018230000120024333600260025533700280028133800270030916904CO-ViMGA241108s9999||||xx |||||||||||||| ||und|| a958967495X aCO-ViMGAbspaerdacCO-ViMGA0 aspa04aR 551.432 R38a1 aDavid Rivera Ospina10aAltiplanos de Colombia 1aBogotá, Colombia : Banco de Occidente Credencial, 2004 avolumen atextbtxt2rdacontent aunmediatedbn2rdamedia avolumebnc2rdacarrier